01243cam a2200349Ii 4500001001300000003000900013005001700022008004100039020001800080020001500098035002200113040004400135041001300179245016100192260004900353300003700402490002500439500007400464546002200538650002600560650003300586650002100619650002300640650003400663650001500697650001700712650002400729700003000753700002800783700003200811710005000843on1054359916Co-BoUCM20181005094827.0181005s2018 gw ab b 001 0 eng d a9783510614110 a3510614119 a(OCoLC)1054359916 aCo-BoUCMbspacSaul NiñodSaul Niño1 aenghger00aMesselban ancient greenhouse ecosystemcKrister T. Smith, Stephan F.K. Schaal, Jörg Habersetzer (eds) ; translation, Actitis Translations, Hendrik Herlyn aFrankfurt am MainbLeibniz associationc2018 axv, 355 páginasbilustraciones0 aSenckenberg-Buchv80 aEnglish-language version of: Messel : ein fossiles Tropenökosystem. aTexto en inglés 7aEcología zAlemania 7aEcología zMessel Región 7aPaleontología  7aAnimales extintos  7aEstratigráficaxGeología  7aFósiles  7aVertebrados  7aCiencias naturales 1 aSmith, Krister T.eeditor1 aSchaal, Stephaneeditor1 aHabersetzer, Jörgeeditor2 aSenckenberg Gesellschaft für Naturforschung